| 000 | 01516nam a22003017a 4500 | ||
|---|---|---|---|
| 005 | 20210325174925.0 | ||
| 008 | th tha d | ||
| 041 | _atha | ||
| 050 | _aJA49 ส747 | ||
| 245 | 1 | 0 | _a14 ปีรัฐศาสตร์ มสธ. รวมบทความวิชาการรัฐศาสตร์ |
| 260 | 3 |
_aกรุงเทพฯ : _bพิมพ์อักษร, _cม.ป.ป. |
|
| 300 |
_a212 หน้า : _b ตาราง ; _c 26 ซม. |
||
| 650 | 0 | 4 | _aสัญลักษณ์ทางการเมือง |
| 650 | 0 | 4 | _aสัญลักษณ์ |
| 650 | 0 | 4 | _aพม่า -- การเมืองและการปกครอง |
| 650 | 0 | 4 | _aสาธารณภัย -- การบริหารจัดการ |
| 650 | 0 | 4 | _aบริการประชาชน |
| 650 | 0 | 4 | _aการกระจายอำนาจปกครอง |
| 650 | 0 | 4 | _aสื่อมวลชนกับการเมือง -- ไทย |
| 650 | 0 | 4 | _aนักการเมือง |
| 650 | 0 | 4 | _aรัฐธรรมนูญไทย -- 2534 -- วิเคราะห์ |
| 650 | 0 | 4 | _aประธานสภาผู้แทนราษฎร -- อำนาจหน้าที่ |
| 650 | 0 | 4 | _aรัฐศาสตร์ -- รวมเรื่อง |
| 850 | _aNALT | ||
| 942 | _cGB | ||
| 997 | _c000000000005318 | ||
| 998 | _aนางสาวเบญจลักษณ์ สุทธิวิไล | ||
| 999 |
_c5318 _d5318 |
||